Регионална библиотека "Любен Каравелов" - Русе

Под листопад и цветопад (Запис номер 174020)

MARC детайли
000 -Лидер
Контролно поле с фиксирана дължина 01169nam a2200301 a 4500
003 - Код на организацията, давaща контролен номер
Контролно поле BLK
005 - Дата и час на последна редакция
Контролно поле 20250129005528.0
008 - Елементи от данни с фиксирана дължина
fixed length control field 180411b bul|||||r ||||||| ||bul||
010 ## - Наследен системен номер
LC control number KNG00182466000
040 ## - Източник на каталожния запис
Идентификатор на билиотеката - собственик на записа BLK
041 ## - Код за език
Код за езика на текст/звукозапис или на отделно заглавие Български
Код за езика КДБФ Български
080 ## - УДК
Текстов определител УДК Българска литература
УДК код - определител по УДК 821.163.2
УДК определител -1
УДК - код + определител 821.163.2-1
100 ## - Редна дума - Автор
Автор Струмски, Георги
Дати, свързани с автора 1932 - 2013
Автор - информация (биография) Писател, поет, преводач от руски език.
Пълна форма на името Йорданов, Георги Асенов
R(LIN) 375654
139 ## - Редно поле
Редна дума Струмски, Георги
Авторски знак Стро - С 87
245 10 - Сведения за заглавието
Заглавие Под листопад и цветопад
Подзаглавни данни Избрани стихотворения
Редно поле (дума) Георги Струмски.
257 ## - Страна на издаване
Страна на създаване/издаване България
260 ## - Област на издателските данни
Място на издаване, разпространение и проч. София
Име на издателя, разпространителя и проч. Бълг. писател
Година на издаване 1982
Печатница В. Търново : Д. Найденов
300 ## - Физическа характеристика
Страници 215 с., 1 л.
Илюстрации и др. портр.
Размери/Мащаб 21 см
380 ## - Жанр
Жанр Худож. лит.
500 ## - Общи забележки
Забележка Подв. - 2 113 тир.
852 ## - Местоположение
Форматна сигнатура Цб 113291
856 4# - Електронен адрес и достъп
Електронен формат pdf - файл
856 4# - Електронен адрес и достъп
Електронен формат pdf - файл
999 ## - СИСТЕМНИ КОНТРОЛНИ НОМЕРА
Koha biblionumber 174020
Koha biblioitemnumber 174020
942 ## - АРТИКУЛИ
Вид на библиотечния материал Книги
Скрит в OPAC Не
Периодичен библиозапис Да
944 ## - СЪЗДАВАНЕ И РЕДАКЦИЯ на ЗАПИСА
Създаване/Редакция Създаване
Дата на регистрацията/редакция 24.09.2015
Служител, извършил регистрацията/редакцията
Статус, дата на статуса CRON CRON
944 ## - СЪЗДАВАНЕ И РЕДАКЦИЯ на ЗАПИСА
Създаване/Редакция Редакция
Дата на регистрацията/редакция 12.09.2017
Служител, извършил регистрацията/редакцията Вася_Ганчева
999 ## - СИСТЕМНИ КОНТРОЛНИ НОМЕРА
Koha biblioitemnumber 174020
Наличности
Код за отписване Код за изгубен артикул Източник на класификационната схема Код за повреда Коз за рестрикции Код за отдаване Артикулен № Име на библиотеката - собственик Име на библиотеката, в която се намира в момента Статус (Текущо местоположение) Дата на вписване в системата Местоположение - отдел Цена в лева Инвентарен номер Систематично азбучна сигнатура Баркод Номер на екземпляра Цена в евро Служебна бележка Служебен тип на артикула Бележка за публиката
  Не е изгубен Universal Decimal Classification Не е повреден без рестрикции ползва се в читалня 298118 Регионална библиотека "Любен Каравелов" Русе Регионална библиотека "Любен Каравелов" Русе Хранилище 1982-01-01 Хранилище 1.37 350372 Цб 113291 120000350372 1 0.70 N: стар фонд Дата: 01.01.1982 Книги  
Изтеглен Не е изгубен Universal Decimal Classification Не е повреден без рестрикции заемане за дома 298119 Регионална библиотека "Любен Каравелов" Русе Регионална библиотека "Любен Каравелов" Русе Заемна - подръчен фонд 1982-01-01 Заемна - подръчен фонд 1.37 346530 П 886.7-1/С 87 346530 2 0.70 N: стар фонд Дата: 01.01.1982 Дата инв: 14.02.2018 Бележки инв: П2018 Книги  
Изтеглен Не е изгубен   Не е повреден без рестрикции заемане за дома 298120 Регионална библиотека "Любен Каравелов" Русе Регионална библиотека "Любен Каравелов" Русе   1982-01-01 Детски отдел 1.37 346629 ДХ 886.7/С 87 346629 3 0.70 N: стар фонд Дата: 01.01.1982 Дата инв: 28.09.2015 Бележки инв: Д2015 Книги Отч.N: 42/17 , Дата: 08.09.2017
Изтеглен Не е изгубен   Не е повреден без рестрикции заемане за дома 298121 Регионална библиотека "Любен Каравелов" Русе Регионална библиотека "Любен Каравелов" Русе   1982-01-01 Детски отдел 1.37 346630 ДХ 886.7/С 87 346630 4 0.70 N: стар фонд Дата: 01.01.1982 Дата инв: 28.09.2015 Бележки инв: Д2015 Книги Отч.N: 27/2017 , Дата: 16.08.2017
Vip Innovations Ltd, Rousse, Bulgaria 2025